000 00367nam a2200145Ia 4500
999 _c10316
_d10316
008 220308s9999 xx 000 0 und d
020 _a9781864705522
082 _a635.9671
_bDIL
100 _aby Gina Tsarouhas
245 0 _aGreen Walls: Green Roofs
260 _bImages Publishing Group Pty Ltd (1 August 2014)
365 _cUSD
365 _d50
942 _2ddc